|
|
|
|
| LEADER |
01621nam a2200373 a 4500 |
| 001 |
29819 |
| 003 |
BD-DhAAL |
| 005 |
20250824173400.0 |
| 008 |
150826s2011 enk b 001 0 eng |
| 010 |
|
|
|a 2011004242
|
| 020 |
|
|
|a 9780195384208 (hbk. : alk. paper)
|
| 040 |
|
|
|a DLC
|c DLC
|d DLC
|d BD-DhAAL
|
| 042 |
|
|
|a pcc
|
| 043 |
|
|
|a n-us---
|
| 050 |
0 |
0 |
|a KF156
|b .G367 2011
|
| 082 |
0 |
0 |
|a 340.03
|2 22
|
| 100 |
1 |
|
|a Garner, Bryan A.
|9 14087
|
| 245 |
1 |
0 |
|a Garner's dictionary of legal usage /
|c Bryan A. Garner ; with a foreword by Judge Thomas M. Reavley.
|
| 246 |
3 |
0 |
|a Dictionary of legal usage
|
| 250 |
|
|
|a Third edition.
|
| 260 |
|
|
|a Oxford ;
|a New York :
|b Oxford University Press,
|c 2011.
|
| 300 |
|
|
|a xxx, 991 pages ;
|c 26 cm.
|
| 500 |
|
|
|a Rev. ed. of: A dictionary of modern legal usage / Bryan A. Garner. 2nd ed. 1995.
|
| 504 |
|
|
|a Includes bibliographical references (p. 961-963) and indexes.
|
| 541 |
|
|
|e 29819
|
| 650 |
|
0 |
|a Law
|z United States
|v Terminology.
|9 14088
|
| 650 |
|
0 |
|a Law
|z United States
|x Language.
|9 14089
|
| 650 |
|
0 |
|a Legal composition.
|9 14090
|
| 650 |
|
0 |
|a English language
|x Usage
|v Dictionaries.
|9 14091
|
| 700 |
1 |
|
|a Garner, Bryan A.
|t A dictionary of modern legal usage.
|9 14092
|
| 942 |
|
|
|2 ddc
|c BK
|
| 999 |
|
|
|c 35336
|d 35336
|
| 952 |
|
|
|0 0
|1 0
|2 ddc
|4 0
|6 340_030000000000000_GAR
|7 1
|9 55540
|a BRACUL
|b BRACUL
|c REF
|d 2015-08-26
|e Karim International
|g 5200.00
|l 0
|o 340.03 GAR
|p 3010029819
|r 2015-08-26
|t 1
|w 2015-08-26
|y BK
|
| 952 |
|
|
|0 0
|1 0
|2 ddc
|4 0
|6 340_030000000000000_GAR
|7 1
|9 55541
|a BRACUL
|b BRACUL
|c REF
|d 2015-08-26
|e Karim International
|g 5200.00
|l 0
|o 340.03 GAR
|p 3010029820
|r 2015-08-26
|t 2
|w 2015-08-26
|y BK
|